[Event "Titled Tuesday intern op 12th Sep Late"]
[Site "Chess.com INT"]
[Date "2023.09.12"]
[Round "3"]
[White "Petrova, Irina"]
[Black "Trujillo Gonzalez, Kevin Alejandro"]
[Result "1-0"]
[WhiteElo "2108"]
[BlackElo "2183"]
[PlyCount "69"]
[EventDate "2023.09.12"]
[EventType "swiss (blitz)"]
[EventRounds "11"]
[EventCountry "USA"]
[SourceTitle "EXT 2024"]
[Source "ChessBase"]
[SourceDate "2023.10.10"]
[SourceVersion "1"]
[SourceVersionDate "2023.10.10"]
[SourceQuality "1"]

1. e4 c5 2. Nf3 e6 3. c4 g6 4. Nc3 Bg7 5. d4 cxd4 6. Nxd4 a6 7. Be3 Nc6 8. Be2 Nf6 9. 0-0 0-0 10. Qd2 Qc7 11. Rfc1 Ne5 12. f3 d6 13. a4 b6 14. a5 bxa5 15. Nb3 Nxc4 16. Bxc4 Qxc4 17. Nxa5 Qb4 18. Nc6 Qb7 19. Na4 Bd7 20. Qxd6 Bxc6 21. Qxc6 Rab8 22. Nb6 Rfd8 23. Qxb7 Rxb7 24. Rxa6 Nd7 25. Nxd7 Rbxd7 26. b4 h5 27. b5 Rb7 28. b6 Rd3 29. Bf2 Bd4 30. Bxd4 Rxd4 31. Rc7 Rb8 32. b7 Rdd8 33. Rac6 Kf8 34. Rc8 Ke8 35. R6c7 1-0

[Event "Titled Tuesday intern op 05th Sep Late"]
[Site "Chess.com INT"]
[Date "2023.09.05"]
[Round "4"]
[White "Petr, Jan1"]
[Black "Trujillo Gonzalez, Kevin Alejandro"]
[Result "0-1"]
[WhiteElo "2282"]
[BlackElo "2183"]
[PlyCount "74"]
[EventDate "2023.09.05"]
[EventType "swiss (blitz)"]
[EventRounds "11"]
[EventCountry "USA"]
[SourceTitle "EXT 2024"]
[Source "ChessBase"]
[SourceDate "2023.10.10"]
[SourceVersion "1"]
[SourceVersionDate "2023.10.10"]
[SourceQuality "1"]

1. e4 c5 2. Nf3 e6 3. d3 a6 4. Nbd2 d5 5. g3 Nc6 6. Bg2 Bd6 7. 0-0 Nge7 8. Re1 Qc7 9. b3 b5 10. Bb2 f6 11. a4 bxa4 12. Rxa4 Bd7 13. exd5 exd5 14. Ra1 0-0 15. Nf1 Rfe8 16. N3d2 Nb4 17. Ne3 Be6 18. Ba3 Bf7 19. Ndf1 Be5 20. Rb1 Bc3 21. Re2 Rad8 22. Nd2 a5 23. Rc1 Na2 24. Rb1 Nb4 25. Rc1 Na2 26. Rb1 Bd4 27. Bb2 Bxb2 28. Rxb2 Nc3 29. Qe1 Nxe2+ 30. Qxe2 d4 31. Nef1 Nd5 32. Qg4 Nc3 33. Qh4 Bd5 34. Ne4 Nxe4 35. dxe4 Bf7 36. Nd2 a4 37. bxa4 Qa5 0-1

[Event "Titled Tuesday intern op 05th Sep Late"]
[Site "Chess.com INT"]
[Date "2023.09.05"]
[Round "5"]
[White "Trujillo Gonzalez, Kevin Alejandro"]
[Black "Ardila, Oscar Humberto"]
[Result "1-0"]
[WhiteElo "2183"]
[BlackElo "1979"]
[PlyCount "57"]
[EventDate "2023.09.05"]
[EventType "swiss (blitz)"]
[EventRounds "11"]
[EventCountry "USA"]
[SourceTitle "EXT 2024"]
[Source "ChessBase"]
[SourceDate "2023.10.10"]
[SourceVersion "1"]
[SourceVersionDate "2023.10.10"]
[SourceQuality "1"]

1. d4 Nf6 2. c4 e6 3. Nc3 Bb4 4. f3 d5 5. a3 Be7 6. cxd5 exd5 7. e3 0-0 8. Bd3 Re8 9. Nge2 c6 10. 0-0 Nbd7 11. g4 Nf8 12. Ng3 Ng6 13. Bc2 Qc7 14. Nf5 Bxf5 15. gxf5 Nf8 16. e4 dxe4 17. fxe4 Bd8 18. e5 Nd5 19. Nxd5 cxd5 20. f6 Ng6 21. Qh5 gxf6 22. exf6 Qd6 23. Bd2 Bxf6 24. Bb4 Qc6 25. Ba4 Bxd4+ 26. Kh1 Qxa4 27. Rxf7 Bg7 28. Qxd5 Qc6 29. Rxg7+ 1-0